000 00778nam a2200217Ii 4500
003 JO-AjNU
008 230605s9999||||xx |||||||||||||| ||und||
017 _a1975/599
040 _aJO-AjNU
_bara
_erda
_cJO-AjNU
041 _aara
050 1 4 _aPJ7538.F3 1975
100 3 _aثامر، فاضل,
_eauthor
_936821
245 0 0 _aمعالم جديدة في أدبنا المعاصر: كتابات نقدية في الشعر والقصة والرواية
264 3 1 _aبغداد: وزارة الإعلام، 1975
300 _a402ص
336 _atext
_btxt
_2rdacontent
337 _aunmediated
_bn
_2rdamedia
338 _avolume
_bnc
_2rdacarrier
490 0 _aسلسلة الكتب الحديثة (81)
650 4 _aالأدب العربي - العصر الحديث
_936822
999 _aA15332
_c18900
_d18900